Fast Typing - Colour Test - Statistics

General Stats
  • This quiz has been taken 1,045 times
    1,044 since last reset
  • The average score is 4 of 17
Answer Stats
ANSWER % Correct
gray
98%
yellow
83%
olive
60%
blue
54%
black
40%
silver
27%
navy
22%
fuchsia
10%
teal
4%
white
3%
aqua
2%
maroon
2%
End!
1%
green
1%
orange
1%
lime
1%
purple
1%
No matching quizzes found
Score Distribution
Percent of People with Each Score
Percentile by Number Answered
Your Score History
You have not taken this quiz since the last reset